Pin Europe on a Borderless Map - Sudden Death - Statistics

General Stats
  • This quiz has been taken 1,667,386 times
  • The average score is 12 of 45
Answers on the Map
Answers color-coded by a green-red scale on the quiz's map according to % correct below.
 
Answer Stats
Country % Correct
Italy
39%
Spain
39%
United Kingdom
39%
France
38%
Iceland
38%
Ireland
38%
Portugal
38%
Russia
38%
Greece
37%
Norway
37%
Sweden
37%
Denmark
36%
Finland
36%
Germany
36%
Poland
33%
Ukraine
32%
Netherlands
31%
Estonia
29%
Belgium
28%
Malta
28%
Switzerland
28%
Belarus
26%
Austria
25%
Croatia
25%
Latvia
25%
Romania
25%
Albania
24%
Bulgaria
24%
Lithuania
24%
Czechia
23%
Bosnia and Herzegovina
21%
Slovenia
21%
Andorra
20%
Monaco
20%
Hungary
19%
Luxembourg
19%
Moldova
19%
North Macedonia
19%
Serbia
19%
Vatican City
19%
San Marino
18%
Slovakia
18%
Montenegro
17%
Liechtenstein
16%
Kosovo
15%
No matching quizzes found
Score Distribution
Percent of People with Each Score
Percentile by Number Answered
Your Score History
You have not taken this quiz